000 01161nam a22003377a 4500
003 CHAP
005 20220329133542.0
008 971013s1986 r 00010 d
010 _a7782
011 _a8754
035 _a7984
040 _cCHAP
082 _a580.972
_bU55 v.5
110 _aUniversidad Nacional Autónoma de México. Instituto de Biología
_9116539
245 _aListados florísticos de México
_b: Angiospermas acuáticas mexicanas 1
260 _aMéxico, D.F. :
_bUNAM,
_c1986
300 _a60 p.
590 _aBATCH-UPD
_b10
_c20130110
_lUCH01
_h1041
590 _aBATCH-UPD
_b10
_c20130410
_lUCH01
_h0640
590 _aBATCH-UPD
_b10
_c20130914
_lUCH01
_h0334
590 _aCONVERSION
_b10
_c20130109
_lUCH01
_h1305
650 1 4 _aAngiospermas.
_95797
650 1 4 _aBotánica
_zMéxico.
_914641
700 0 _aLot Helgueras, Antonio.
_968587
700 0 _aNovelo, Alejandro.
_982044
700 0 _aRamírez García, Pedro.
_994017
901 _aBK
942 _cLIBRO
949 _a580.972 U55 v.5
_bBC
_cC
_d33724000643045
_eC
_gI. c/e
_h75782
_i7984
_si
949 _a580.972 U55 v.5
_bBC
_cLIBRO
_d33724000522744
_eLIBRO
_fc.2
_gI. c/e
_h75783
_i7984
_si
999 _c7782
_d7782